Traité du magnétisme animal (Record no. 156877)

MARC details
000 -LEADER
campo de control de longitud fija 00721nam a22001695i 4500
001 - NÚMERO DE CONTROL
campo de control 156877
003 - IDENTIFICADOR DE NÚMERO DE CONTROL
campo de control ES-MaACL
005 - FECHA Y HORA DE LA ÚLTIMA TRANSACCIÓN
campo de control 20230906210523.0
008 - DATOS DE LONGITUD FIJA--INFORMACIÓN GENERAL
campo de control de longitud fija 040805s1839 fr |||| | fre d
040 ## - FUENTE DE CATALOGACIÓN
Centro catalogador/agencia de origen CAM
Lengua de catalogación spa
Centro/agencia transcriptor CAM
100 1# - ENTRADA PRINCIPAL--NOMBRE DE PERSONA
Nombre de persona Lafont-Gouzy, Gabriel Grégoire.
9 (RLIN) 128584
245 10 - MENCIÓN DEL TÍTULO
Título Traité du magnétisme animal
Resto del título : considéré sous la rapport de l'hygiéne, de la médecine légale et de la thérapeutique /
Mención de responsabilidad, etc. par G.-G. Lafont-Gouzi.
260 ## - PUBLICACIÓN, DISTRIBUCIÓN, ETC.
Lugar de publicación, distribución, etc. Toulouse :
Nombre del editor, distribuidor, etc. Senac libraire :
-- l'auteur,
Fecha de publicación, distribución, etc. 1839 (
Fabricante Imprimerie d'Augustin Manavit)
300 ## - DESCRIPCIÓN FÍSICA
Extensión 176 p. ;
Dimensiones 21 cm.
650 #4 - PUNTO DE ACCESO ADICIONAL DE MATERIA--TÉRMINO DE MATERIA
Término de materia o nombre geográfico como elemento de entrada Magnetismo personal.
9 (RLIN) 136450
852 ## - LOCALIZACIÓN
Ubicación ES-MaACL
Número de control de estantería R-1364(6)
Nota libre -- Enc. hol.
-- -- Enc. en un vol. facticio
-- .- Donat. Mateo Seoane
Holdings
Estatus retirado Estado de pérdida Estado de daño No para préstamo Colección Biblioteca de origen Biblioteca actual Ubicación en estantería Fecha de adquisición Total de préstamos Signatura topográfica completa Código de barras Visto por última vez Precio de reemplazo Tipo de ítem Koha
        Libros del s. XIX Biblioteca del Ateneo de Madrid Biblioteca del Ateneo de Madrid Depósito 17/01/2008   R-1364(6) 1164132 23/02/2023 23/02/2023 Libro impreso antiguo